| 000 | 01245nab a2200229 i 4500 | ||
|---|---|---|---|
| 001 | 768714001 | ||
| 003 | CO-MdFUSB | ||
| 005 | 20240523171508.0 | ||
| 008 | 240523t1974 sp ||||| |||| 00| 0 spa d | ||
| 040 |
_bspa _cCO-MdFUSB _dCO-MdFUSB |
||
| 041 | _aspa | ||
| 100 |
_aNeher, André, _d1914-1988 _eautor |
||
| 245 | 1 |
_aActitud ante el estado, el país y el pueblo de Istrael: _bpunto de vista judío _c/ André Neher ; traducido por A. Domínguez |
|
| 520 | _aQuien dice Israel dice pueblo. Pero dice también tierra: Eretz Israel. Y desde hace poco más de veinticinco años dice Estado: Estado de Israel. Esta triple afirmación, incluida en una sola palabra, de un pueblo, una tierra y un Estado, constituye uno de los fundamentos de la teología judía desde sus orígenes bíblicos hasta nuestros días. | ||
| 650 | 0 |
_aCristianismo y otras religiones. _xJudaísmo _91249 |
|
| 650 | 7 |
_aLiturgia _xLiturgia _9206 |
|
| 653 | _aIsrael | ||
| 700 |
_aDomínguez, A., _etraductor |
||
| 773 | 0 |
_049450 _982678 _oR2588 _tRevista internacional de teología Concilium _w(CO-MdFUSB)8 _x0210-1041 _gVolumen 98, (septiembre - octubre, 1974 ) páginas: 241 - 250 _qpáginas: 241 |
|
| 942 | _cANA | ||
| 945 | _aCatherine Arias Álvarez - Practicante SENA | ||
| 999 |
_c69893 _d69893 |
||